000 00377cam a22001217a 4500
008 180718b1965 xxu||||| |||| 00| 0 eng d
082 _aA81x54 In2/61/3/Pt3
100 _aCensus of India 1961
245 _aAssam: household economic tables
260 _aDelhi
_bThe Manager of Publications
_c1965
300 _a337+p.
440 _aCensus of India 1961. Volume III, Assam. Part III
999 _c483923
_d483923